00682 2200265 4500001002100000005001700021008004100038020001800079035002400097082001100121090001800132100001800150245006100168250001100229260003100240300002200271500003100293500001100324650001900335850001500354980001100369985000600380999001500386999001500401YOGYA-0209000000551320090227020821.0 ind  a979-526-052-9 0010-020900000005513 a297.61 a297.61bAli P aALI, Yunasril aPerkembangan Pemikiran Falsafi dalam IslamcYunasril Ali aCet. 1 aJakartabBumi Aksarac1991 aX, 130 hlmc21 cm aBibliografi : hlm. 127-128 aIndeks aFilsafat Islam aYOPDYOG(B) a210605 a2 a97P0093170 a97P0093171